Europäische Fußballwappen Teil 2 - Bilderquiz - Statistiken

Allgemein
  • Dieses Quiz wurde 115 mal gespielt
  • Das Durchschnittsergebnis liegt bei 13 aus 16
Antwortstatistiken
Bildquiz Antwort % Korrekt
Arminia Bielefeld
98%
Werder Bremen
96%
Aston Villa
95%
Fortuna Düsseldorf
93%
Olympique Marseille
93%
Atletico Madrid
91%
Dinamo Zagreb
91%
FC Basel
91%
AC Florenz
90%
Besiktas JK
88%
Roter Stern Belgrad
88%
Dynamo Kiew
85%
AZ Alkmaar
78%
CA Osasuna
76%
FC Lugano
43%
Lausanne Sport
42%
Keine übereinstimmenden Quizze gefunden
Verteilung der Resultate
Anzahl Personen mit jedem Resultat
Perzentil nach korrekt beantworteten Fragen
Ihre Resultats-Entwicklung
Sie haben dieses Quiz noch nicht gespielt